| 000 | 03725nam0a2200433 4500 | ||
|---|---|---|---|
| 001 | RU\NLR\BIBL_A\022212455 | ||
| 005 | 20260408084728.0 | ||
| 010 |
_a978-5-9971-0812-0 _9300 |
||
| 035 | _a(NLR Aleph) 022212455 | ||
| 090 |
_a13077288 _c13077288 |
||
| 100 | _a20240502d2023 |||y0rusy50 ca | ||
| 101 | 0 |
_arus _deng _eeng |
|
| 102 | _aRU | ||
| 105 | _aa z 110zy | ||
| 181 | 0 |
_ai _baxxe |
|
| 182 | 0 | _an | |
| 200 | 1 |
_aПроблемы приграничья. Новые траектории международного сотрудничества _dBorderland issues. New trajectories of international cooperation _eматериалы VII международной научно-практической конференции, Калининград, 18-20 октября 2023 года _fБалтийский федеральный университет им. Иммануила Канта _gотв. ред.: А. А. Михайлова _zeng |
|
| 203 |
_aТекст _bвизуальный _cнепосредственный |
||
| 210 |
_aКалининград _cИзд-во Балтийского федерального университета им. Иммануила Канта _d2023 |
||
| 215 |
_a205, [1] с. _cил., цв. ил., табл. _d24 |
||
| 300 | _aНа тит. с. и обл.: ISSN 2949-1320 | ||
| 300 | _aРез. англ. | ||
| 309 | _aНа тит. с. и обл.: Т. 7 | ||
| 320 | _aБиблиогр. в конце ст. | ||
| 327 | 1 | _aВ сб. также: круглый стол "Региональная география. К 60-летию Калининградского областного отделения Русского географического общества", научный семинар "Проблемы социального развития сельских территорий", прошедшие в рамках конференции "Новые траектории международного сотрудничества" | |
| 510 | 1 |
_aBorderland issues. New trajectories of international cooperation _zeng |
|
| 606 | 1 |
_aПограничные районы _jСъезды, совещания и т.п _xЭкономико-географические исследования _92535618 _3RU\NLR\AUTH\661501607 |
|
| 686 | 1 | _aУ04(0)я431 | |
| 702 | 1 |
_4340 _aМихайлова _bА. А. _cканд. геогр. наук _gАнна Алексеевна _9235551 _3RU\NLR\AUTH\770235607 |
|
| 702 | 1 |
_4340 _aМихайлова _bА. А. _cканд. геогр. наук _gАнна Алексеевна _9235551 _3RU\NLR\AUTH\770235607 |
|
| 711 | 1 | 2 |
_a"Новые траектории международного сотрудничества", международная научно-практическая конференция _d7 _eКалининград _f2023 _9881691 _3RU\NLR\AUTH\880609840 |
| 711 | 1 | 2 |
_a"Региональная география. К 60-летию Калининградского областного отделения Русского географического общества", круглый стол _eКалининград _f2023 _9881702 _3RU\NLR\AUTH\880609851 |
| 711 | 1 | 2 |
_a"Проблемы социального развития сельских территорий", научный семинар _eКалининград _f2023 _9881703 _3RU\NLR\AUTH\880609852 |
| 712 | 0 | 2 |
_4475 _aБалтийский федеральный университет им. И. Канта _cКалининград _3RU\NLR\AUTH\8810202100 _9292325 |
| 942 | _cBOOK | ||
| 980 | _aNB | ||